Jugadores con Más Partidos y Goles en La Liga: Asturias - Estadísticas

Estadísticas generales
  • Esta prueba ha sido intentada 71 veces
  • La puntuación promedio es 7 de 20
Estadísticas de respuestas
Hint Respuesta % Correcto
352 Villa
91%
185 Villa
91%
448 Quini
89%
219 Quini
89%
323 Cazorla
72%
54 Cazorla
72%
400 Luis Enrique
54%
103 Luis Enrique
54%
370 Abelardo
31%
476 Joaquín
23%
64 Joaquín
23%
376 Ablanedo
22%
313 Adrián López
12%
45 Adrián López
12%
99 Herrerita
6%
314 Angulo
2%
94 Campanal
2%
428 Olaya
2%
77 Olaya
2%
73 Pina
0%
No se encontraron pruebas coincidentes
Distribución de puntuación
Porcentaje de gente con cada puntuación
Porcentaje por número respondido
Historial de tus puntuaciones
No has intentado esta prueba.